| 000 | 01219 a2200253 4500 | ||
|---|---|---|---|
| 003 | Nust | ||
| 005 | 20221024095429.0 | ||
| 010 | _a 2004050004 | ||
| 020 | _a1584883839 (hardcover : acid-free paper) | ||
| 040 | _cNust | ||
| 082 | 0 | 0 | _a621.3,DIS |
| 245 | 0 | 0 |
_aDistributed sensor networks / _cedited by S. Sitharama Iyengar and Richard R. Brooks. |
| 260 |
_aBoca Raton, Fla. : _bChapman & Hall/CRC, _cc2005. |
||
| 300 |
_axvi, 1123 p. : _bill. ; _c26 cm. |
||
| 440 | 0 |
_aChapman & Hall/CRC computer and information science series _913921 |
|
| 505 | _aOverview (Page-1), Distributed Sensing and Signal Processing (Page-49), Information Fusion (Page-287), Sensor Deployment and Networking (Page-449), Power Management (Page-651), Adaptive Tasking (Page-749), Self – Configuration (Page-845), System Control(Page-975), Engineering Examples (Page-1009), Beam forming (Page-1067), | ||
| 650 | 0 | _aIntelligent agents (Computer software) | |
| 650 | 0 |
_aMultisensor data fusion. _940858 |
|
| 650 | 0 |
_aSensor networks. _994573 |
|
| 700 | 1 |
_aBrooks, R. R. _996027 |
|
| 700 | 1 |
_aIyengar, S. S. _996523 |
|
| 856 | 4 | 2 |
_3Publisher description _uhttp://www.loc.gov/catdir/enhancements/fy0646/2004050004-d.html |
| 942 |
_2ddc _cBK |
||
| 999 |
_c179794 _d179794 |
||